| 000 | 00977nam a2200265Ia 4500 | ||
|---|---|---|---|
| 003 | OSt | ||
| 005 | 20220923211022.0 | ||
| 006 | a|||||r|||| 00| 0 | ||
| 007 | ta | ||
| 008 | 220922b |||||||| |||| 00| 0 hin d | ||
| 020 |
_a8170556740 (hbk) _c395 |
||
| 024 | _a240,893 | ||
| 037 |
_b478, 26/02/2010, Vani Prakashan _cTextual |
||
| 040 |
_aARTS _cARTS _bhin |
||
| 041 |
_2hin _ahin |
||
| 082 | _aO111:g(S:5), 152L7 | ||
| 100 |
_aजैन, निर्मला _9157201 |
||
| 245 | 0 | _aरस - सिद्धांत और सौंदर्यशास्त्र | |
| 246 | _aRas - siddhāanta aur sauandaryashāstra | ||
| 260 |
_aनयी दिल्ली _b वाणी प्रकाशन _c1977 |
||
| 300 |
_a467पृ. _ccm. |
||
| 650 |
_aसंस्कृत साहित्य _9157202 |
||
| 942 |
_hO111:g(S:5), 152L7 _cTEXL _2CC |
||
| 999 |
_c294006 _d294006 |
||